Normal view
MARC view
- Jain M
Entry Personal Name
001 - CONTROL NUMBER
- control field: 29556
003 - CONTROL NUMBER IDENTIFIER
- control field: OSt
005 - DATE AND TIME OF LATEST TRANSACTION
- control field: 20220803173532.0
008 - FIXED-LENGTH DATA ELEMENTS
- fixed length control field: 220803|| aca||aabn | a|a d
040 ## - CATALOGING SOURCE
- Original cataloging agency: OSt
- Transcribing agency: OSt
100 ## - HEADING--PERSONAL NAME
- Personal name: Jain M
670 ## - SOURCE DATA FOUND
- Source citation: Work cat.: (OSt)18495: Jain M, Architecture Of A Royal Camp : The Retrieved Fort Of Nagaur, 2009